<?xml version="1.0" encoding="UTF-8"?><?xml-stylesheet type="text/xsl" href="static/style.xsl"?><OAI-PMH xmlns="http://www.openarchives.org/OAI/2.0/" xmlns:xsi="http://www.w3.org/2001/XMLSchema-instance" xsi:schemaLocation="http://www.openarchives.org/OAI/2.0/ http://www.openarchives.org/OAI/2.0/OAI-PMH.xsd"><responseDate>2026-04-28T19:01:54Z</responseDate><request verb="GetRecord" identifier="oai:uvadoc.uva.es:10324/49596" metadataPrefix="marc">https://uvadoc.uva.es/oai/request</request><GetRecord><record><header><identifier>oai:uvadoc.uva.es:10324/49596</identifier><datestamp>2022-12-16T14:03:46Z</datestamp><setSpec>com_10324_150</setSpec><setSpec>col_10324_17430</setSpec></header><metadata><record xmlns="http://www.loc.gov/MARC21/slim" xmlns:doc="http://www.lyncode.com/xoai" xmlns:xsi="http://www.w3.org/2001/XMLSchema-instance" xmlns:dcterms="http://purl.org/dc/terms/" xsi:schemaLocation="http://www.loc.gov/MARC21/slim http://www.loc.gov/standards/marcxml/schema/MARC21slim.xsd">
<leader>00925njm 22002777a 4500</leader>
<datafield tag="042" ind1=" " ind2=" ">
<subfield code="a">dc</subfield>
</datafield>
<datafield tag="720" ind1=" " ind2=" ">
<subfield code="a">Valladolid (Provincia). Diputación Provincial</subfield>
<subfield code="e">author</subfield>
</datafield>
<datafield tag="260" ind1=" " ind2=" ">
<subfield code="c">1883</subfield>
</datafield>
<datafield tag="024" ind2=" " ind1="8">
<subfield code="a">https://uvadoc.uva.es/handle/10324/49596</subfield>
</datafield>
<datafield tag="024" ind2=" " ind1="8">
<subfield code="a">U/Bc LEG 07-1 nº 0544</subfield>
</datafield>
<datafield ind1=" " ind2=" " tag="653">
<subfield code="a">Valladolid (Provincia). - Diputación Provincial - Administración</subfield>
</datafield>
<datafield tag="245" ind1="0" ind2="0">
<subfield code="a">Memoria presentada a la Diputacion de Valladolid / por el vicepresidente y vocales de la Comision provincial en su 1ª reunion ordinaria del 2º periodo economico de 1882-83</subfield>
</datafield>
</record></metadata></record></GetRecord></OAI-PMH>